Random US City Map Quiz - Hard - Statistics

General Stats
  • This quiz has been taken 12,486 times
  • The average score is 14 of 20
Answers on the Map
Answers color-coded by a green-red scale on the quiz's map according to % correct below.
 
Answer Stats
Answer % Correct
Phoenix
95%
San Francisco
95%
Boise
94%
New Orleans
94%
Seattle
94%
Baltimore
93%
Buffalo
93%
Colorado Springs
93%
Detroit
93%
Las Vegas
93%
Minneapolis
93%
Anchorage
92%
Baton Rouge
92%
Bismarck
92%
Charleston
92%
Dallas
92%
Kahului
92%
Miami
92%
Orlando
92%
Atlanta
91%
Chicago
91%
Honolulu
91%
Jacksonville
91%
Milwaukee
91%
Oklahoma City
91%
San Diego
91%
Tampa
91%
Albany
90%
Atlantic City
90%
Birmingham
90%
Houston
90%
Olympia
90%
Sacramento
90%
Tallahassee
90%
Albuquerque
89%
Cleveland
89%
Columbus
89%
Denver
89%
El Paso
89%
Kansas City
89%
New York
89%
Philadelphia
89%
Salt Lake City
89%
Austin
88%
Des Moines
88%
Juneau
88%
Little Rock
88%
Nashville
88%
Reno
88%
Tucson
88%
Boston
87%
Corpus Christi
87%
Idaho Falls
87%
Memphis
87%
Fresno
86%
Knoxville
86%
Pittsburgh
86%
Raleigh
86%
San Antonio
86%
San Jose
86%
Savannah
86%
Virginia Beach
86%
Billings
85%
Cheyenne
85%
Cincinnati
85%
Harrisburg
85%
Indianapolis
85%
Lincoln
85%
Los Angeles
85%
Montgomery
85%
Myrtle Beach
85%
Portland
85%
Tulsa
85%
Wichita
85%
Helena
84%
Providence
84%
Dover
83%
Mobile
83%
Pierre
83%
Santa Fe
83%
Charlotte
82%
Erie
82%
Flint
82%
Grand Rapids
82%
Jefferson City
82%
Louisville
82%
New Haven
82%
Salem
82%
Cedar Rapids
81%
Flagstaff
81%
Jackson
81%
Lansing
81%
Omaha
81%
Richmond
81%
Sioux Falls
81%
Spokane
81%
St. Louis
81%
Concord
80%
Frankfort
80%
Green Bay
80%
San Bernardino
80%
Toledo
80%
Trenton
80%
Akron
79%
Athens
79%
Boulder
79%
Fairbanks
79%
Galveston
79%
Laredo
79%
Madison
79%
Montpelier
79%
Topeka
79%
Fargo
78%
Washington
78%
Eugene
77%
Hartford
77%
Lexington
77%
Riverside
77%
Rochester
77%
Scranton
77%
Waco
77%
Bakersfield
76%
Gulfport
76%
Lafayette
76%
Penascola
76%
Shreveport
76%
Sioux City
76%
Allentown
75%
Bridgeport
75%
Dayton
75%
Gary
75%
Kalamazoo
75%
Missoula
75%
Texarkana
75%
Ann Arbor
74%
Bangor
74%
Burlington
74%
Cape Coral
74%
Columbia
74%
Eureka
74%
Provo
74%
Tuscaloosa
74%
Duluth
73%
Durham
73%
Fort Wayne
73%
Greensboro
73%
Manchester
73%
Pueblo
73%
Syracuse
73%
Lubbock
72%
Winston-Salem
72%
Worcester
72%
Eau Claire
71%
Huntsville
71%
Lynchburg
71%
Norfolk
71%
San Buenaventura (Ventura)
71%
South Bend
71%
Bend
70%
Casper
70%
Kenosha
70%
Las Cruces
70%
Macon
70%
McAllen
70%
Stockton
70%
Augusta
69%
Portsmouth
69%
Reading
69%
Roanoke
69%
St. Augustine
69%
Chattanooga
68%
Del Rio
68%
Fort Collins
68%
Port St. Lucie
68%
Brownsville
67%
Evansville
67%
Grand Forks
67%
Midland
67%
Modesto
67%
Ogden
67%
Peoria
67%
Minot
66%
Asheville
65%
Coeur d'Alene
65%
Davenport
65%
Grand Junction
65%
La Crosse
65%
Poughkeepsie
65%
Rapid City
65%
Sault Ste. Marie
65%
Utica
65%
Great Falls
64%
Lakeland
64%
Lancaster
64%
St. Cloud
64%
Abilene
63%
Champaign
63%
Lake Charles
63%
Melbourne
63%
Mission Viejo
63%
Schenectady
63%
Morgantown
62%
Port Angeles
62%
Williamsburg
62%
Yakima
62%
Yuma
62%
Canton
61%
Charlottesville
61%
Durango
61%
Odessa
61%
Rio Rancho
61%
Springfield
61%
Wilmington
61%
Fayetteville
60%
Wichita Falls
60%
Cody
59%
Dubuque
59%
Greenville
59%
Huntington
59%
Marquette
59%
New Bedford
59%
Redding
59%
Rockford
59%
San Angelo
59%
Spartanburg
59%
Vicksburg
59%
Appleton
58%
Chico
58%
Elko
58%
Johnson City
57%
Tyler
57%
Clarksville
56%
Tupelo
56%
Youngstown
56%
Saginaw
55%
Salinas
55%
Terre Haute
55%
Fort Smith
54%
Lewiston
54%
Bentonville
53%
Walla Walla
53%
Wenatchee
53%
Wheeling
53%
Guymon
52%
Hagerstown
52%
Lawrence
52%
Scottsbluff
52%
Stillwater
52%
Bemidji
51%
Killeen
51%
Manhattan
51%
Grand Island
50%
Monroe
50%
Pocatello
50%
Medford
49%
St. George
49%
Garden City
48%
Kennewick
48%
Roseville
48%
Ocala
47%
Pittsfield
47%
Barnstable
46%
Beaumont
46%
Cumberland
46%
Cary
44%
Enid
44%
Hoover
44%
Lawton
44%
Farmington
43%
Indio
43%
Round Rock
43%
Livermore
42%
Warner Robbins
41%
Winnemucca
39%
No matching quizzes found
Score Distribution
Percent of People with Each Score
Percentile by Number Answered
Your Score History
You have not taken this quiz